Ilm al-Miqdar and the design of early Muslim monuments circa A.D. 610-1171 /
Saved in:
| Main Author: | |
|---|---|
| Format: | Thesis |
| Language: | English |
| Published: |
Manchester :
University of Manchester,
2002
|
| Subjects: | |
| Tags: |
Add Tag
No Tags, Be the first to tag this record!
|
| LEADER | 015480000a22003610004500 | ||
|---|---|---|---|
| 008 | 111109t2002 xxkab g 000 0 eng u | ||
| 040 | |a UIAM |b eng | ||
| 043 | |a e-uk--- | ||
| 050 | 0 | 0 | |a NA380 |
| 100 | 1 | |a Gedal, Najib Mohammed |9 122838 | |
| 245 | 1 | 0 | |a Ilm al-Miqdar and the design of early Muslim monuments circa A.D. 610-1171 / |c by Najib Mohammed Gedal |
| 260 | |a Manchester : |b University of Manchester, |c 2002 | ||
| 300 | |a vii, 427 p. : |b ill., map. ; |c 30 cm. | ||
| 336 | |2 rdacontent | ||
| 337 | |2 rdamedia | ||
| 338 | |2 rdacarrier | ||
| 500 | |a "A thesis submitted to the Manchester Metropolitan University in partial fulfilment of the requirements for the degree of Doctor of Philosophy." -- On t. p. | ||
| 502 | |a Thesis (Ph. D.) -- University of Manchester, 2002 | ||
| 504 | |a Includes bibliographical references (p. 394-400). | ||
| 650 | 0 | |a Islamic architecture |9 13169 | |
| 650 | 0 | |a Architecture and religion |9 122839 | |
| 650 | 0 | |a Religious institutions |x Buildings |9 122840 | |
| 650 | 0 | |a Architecture |z Islamic countries |9 122841 | |
| 650 | 0 | |a Architecture, Islamic |x History |z Arab countries |9 74878 | |
| 650 | 0 | |a Architecture |9 34664 | |
| 650 | 0 | |a Philosophy |9 3780 | |
| 650 | 0 | |a Religion |9 11737 | |
| 655 | 0 | 7 | |a Theses, Facsimile edition (Islamic) |9 122842 |
| 710 | 2 | |a Manchester Metropolitan University |9 79137 | |
| 900 | |a hj-a jt | ||
| 942 | |2 lcc |n 0 | ||
| 999 | |c 434757 |d 463420 | ||
| 952 | |0 0 |6 TI NA 380 G295I 2002 |7 0 |8 THESES |9 754230 |a IIUM |b IIUM |c MULTIMEDIA |g 640.00 |o ti NA 380 G295I 2002 |p 00011196640 |r 2017-10-23 |t 1 |v 640.00 |y THESIS | ||
